Normal view
MARC view
Entry Nombre personal
001 - NÚMERO DE CONTROL
- campo de control: 951
003 - IDENTIFICADOR DE NÚMERO DE CONTROL
- campo de control: DLC
005 - FECHA Y HORA DE LA ÚLTIMA TRANSACCIÓN
- campo de control: 20260321105850.0
008 - ELEMENTOS DE DATO DE LONGITUD-FIJA
- campo de control de longitud fija: 910823n| azannaabn |n aaa c
010 ## - NÚMERO DE CONTROL DE LA BIBLIOTECA DEL CONGRESO
- Número de control de LC: nr 91030984
035 ## - NÚMERO DE CONTROL DEL SISTEMA
- Número de control de sistema: (OCoLC)oca03008642
040 ## - FUENTE DE CATALOGACIÓN
- Centro catalogador/agencia de origen: NjP
- Lengua de catalogación: eng
- Normas de descripción: rda
- Centro/agencia transcriptor: NjP
- Centro/agencia modificador: DNLM
100 1# - ENCABEZAMIENTO-NOMBRE DE PERSONA
- Nombre de persona: Porge, Erik
670 ## - FUENTE DE DATOS ENCONTRADOS
- Cita de la fuente: His Se compter trois, 1989:
- Información encontrada: t.p. (Erik Porge) cover flap (psychoanalyst)